Titus. (Record no. 109268)
[ view plain ]
| 000 -LEADER | |
|---|---|
| fixed length control field | 00742nam a2200205 a 4500 |
| 005 - DATE AND TIME OF LATEST TRANSACTION | |
| control field | 20140414093840.0 |
| 008 - FIXED-LENGTH DATA ELEMENTS--GENERAL INFORMATION | |
| fixed length control field | 071002s19uu xx 00 eng d |
| 050 ## - LIBRARY OF CONGRESS CALL NUMBER | |
| Classification number | DVD 820 |
| Item number | TIT 1999 |
| 245 ## - TITLE STATEMENT | |
| Title | Titus. |
| 250 ## - EDITION STATEMENT | |
| Edition statement | Special Ed. |
| 260 ## - PUBLICATION, DISTRIBUTION, ETC. (IMPRINT) | |
| Place of publication, distribution, etc | Sl : |
| Name of publisher, distributor, etc | 20th Century Fox, |
| Date of publication, distribution, etc | c1999. |
| 300 ## - PHYSICAL DESCRIPTION | |
| Extent | 2 videodisk |
| 500 ## - GENERAL NOTE | |
| General note | Disk 1 : Commentaries by Julie Taymor and Elliot Goldenthall, Scene specific commentary By Anthony Hopkins and Harry Lennix Disk 2: Q&a w/ Julie Taymor, costume gallery, 49 min. documentary, Theatrecal trailers and more. |
| 650 ## - SUBJECT ADDED ENTRY--TOPICAL TERM | |
| Topical term or geographic name as entry element | Shakespear, William, 1564-1616 |
| General subdivision | Adaptations. |
| 650 ## - SUBJECT ADDED ENTRY--TOPICAL TERM | |
| Topical term or geographic name as entry element | Film adaptations. |
| 650 ## - SUBJECT ADDED ENTRY--TOPICAL TERM | |
| Topical term or geographic name as entry element | International Baccalaureate. |
| 650 ## - SUBJECT ADDED ENTRY--TOPICAL TERM | |
| Topical term or geographic name as entry element | Film. |
| 942 ## - ADDED ENTRY ELEMENTS (KOHA) | |
| Koha item type | Audio Visual Materials |
| Withdrawn status | Lost status | Damaged status | Use restrictions | Home library | Current library | Shelving location | Date acquired | Source of acquisition | Total Checkouts | Total Renewals | Full call number | Barcode | Date last seen | Date checked out | Price effective from | Koha item type |
|---|---|---|---|---|---|---|---|---|---|---|---|---|---|---|---|---|
| Luxembourg Library | Luxembourg Library | Audio Visual Material Section | 10/02/2007 | 1 | 1 | DVD 820 TIT 1999 | AV0902 | 10/24/2016 | 09/02/2016 | 04/14/2014 | Audio Visual Materials |